000 00365nam a22001217a 4500
020 _a8122414400
082 _222
_a620.1
100 _aBhavikatti, S. S. and Duggal S. K.
245 _aEngineering mechanics and elements of civil engineering /
260 _aNew Delhi,
_bNew Age International,
_cc2003.
300 _ax, 338 p. ;
_bill. ;
_c24 cm.
942 _2ddc
_cCIVIL
_010
999 _c314
_d314